| 000 | 00961cam a2200277 a 4500 | ||
|---|---|---|---|
| 001 | 2315521 | ||
| 003 | OSt | ||
| 005 | 20260521120306.0 | ||
| 008 | 811008m19821988enka b 001 0 eng | ||
| 010 | _a 81018561 | ||
| 020 | _a0582606144 (v. 1) : | ||
| 035 | _a2315521 | ||
| 040 |
_aDLC _cKABLIB _dKABLIB |
||
| 082 | 0 | 0 |
_a632.9 _223 _bHIL |
| 100 | 1 |
_aHill, Dennis S., _d1934- _eauthor _915817 |
|
| 245 | 1 | 0 |
_aPests and diseases of tropical crops / _cD.S. Hill, J.M. Waller. |
| 260 |
_aLondon: _aNew York : _bLongman, _c1982-1988. |
||
| 300 |
_a2 v. : _bill. ; _c22 cm. |
||
| 440 | 0 |
_aIntermediate tropical agriculture series _915818 |
|
| 504 | _aIncludes bibliographies and index. | ||
| 505 | 1 | _avol. 1. Principles and methods of control -- v. 2.Handbook of pest and diseases. | |
| 650 | 0 |
_aTropical crops _xDiseases and pests. _915819 |
|
| 650 | 0 |
_aTropical crops _xDiseases and pests _xControl. _915820 |
|
| 700 | 1 |
_aWaller, J. M. _915821 |
|
| 942 |
_2ddc _cBOOK |
||
| 999 |
_c6220 _d6220 |
||